| 000 | 00716cab a2200229 4500 | ||
|---|---|---|---|
| 001 | ABS52044 | ||
| 008 | 090401t1995 xxu||||| |||| 00| 0 eng d | ||
| 035 | _a(Sirsi) u56365 | ||
| 041 | _aeng | ||
| 100 | _aWilliams, C. | ||
| 245 | _aOccupational hazards of ownership | ||
| 260 | _c1995 | ||
| 350 | _a0 | ||
| 490 |
_aInside Housing _v27 January 1995, 14-15(2) |
||
| 520 | _aAnalyses the findings of the Scottish House Condition Survey which provides the first consistent view of the state of the housing stock in Scotland. | ||
| 650 | _aDEFECTS | ||
| 650 | _aSCOTLAND | ||
| 650 | _aSCOTTISH HOUSE CONDITION SURVEY | ||
| 690 | _aBUILT ENVIRONMENT-BUILDING PATHOLOGY | ||
| 942 | _n0 | ||
| 948 | _c04/03/1997 | ||
| 999 |
_c34371 _d34371 |
||